Una serie de pinturas cuzqueñas de Santa Catalina de Siena (Record no. 1117)

MARC details
000 -CABECERA
campo de control de longitud fija 00910nam a2200229 a 4500
001 - NÚMERO DE CONTROL
campo de control BRCA_1247
005 - FECHA Y HORA DE LA ÚLTIMA TRANSACCIÓN
campo de control 20190320203339.0
008 - DATOS DE LONGITUD FIJA--INFORMACIÓN GENERAL
campo de control de longitud fija 981110s1998 ag-a---##b---#000-0#spa-#z98796918
040 ## - FUENTE DE LA CATALOGACIÓN
Centro catalogador/agencia de origen DLC
Centro/agencia transcriptor DLC
050 #4 - SIGNATURA TOPOGRÁFICA DE LA BIBLIOTECA DEL CONGRESO
Número de clasificación ND1432
Número de documento/Ítem .S47 1998
245 10 - MENCIÓN DE TÍTULO
Título Una serie de pinturas cuzqueñas de Santa Catalina de Siena
Resto del título historia, restauración y química
Mención de responsabilidad, etc. [textos, Gonzalo Abad ... et al.].
260 ## - PUBLICACIÓN, DISTRIBUCIÓN, ETC.
Lugar de publicación, distribución, etc. Buenos Aires (Argentina)
Nombre del editor, distribuidor, etc. Fundación Tarea
Fecha de publicación, distribución, etc. 1998
300 ## - DESCRIPCIÓN FÍSICA
Extensión 67 p.
Otras características físicas il. (algunas a color)
Dimensiones 28 cm.
600 14 - PUNTO DE ACCESO ADICIONAL DE MATERIA--NOMBRE DE PERSONA
Nombre de persona Catherine
Títulos y otros términos asociados al nombre de Siena, Santo
Fechas asociadas al nombre 1347-1380
Subdivisión general Arte
9 (RLIN) 4108
610 24 - PUNTO DE ACCESO ADICIONAL DE MATERIA--NOMBRE DE ENTIDAD CORPORATIVA
Nombre de entidad corporativa o nombre de jurisdicción como elemento de entrada Santa Catalina de Siena (Iglesia : Córdoba, Argentina)
9 (RLIN) 4109
650 14 - PUNTO DE ACCESO ADICIONAL DE MATERIA--TÉRMINO DE MATERIA
Término de materia o nombre geográfico como elemento de entrada Escuela de pintura de Cuzco
9 (RLIN) 4110
650 14 - PUNTO DE ACCESO ADICIONAL DE MATERIA--TÉRMINO DE MATERIA
Término de materia o nombre geográfico como elemento de entrada Pintura colonial
Subdivisión geográfica Perú
9 (RLIN) 3903
650 14 - PUNTO DE ACCESO ADICIONAL DE MATERIA--TÉRMINO DE MATERIA
Término de materia o nombre geográfico como elemento de entrada Pintura
Subdivisión general Expertising
Subdivisión geográfica Argentina
9 (RLIN) 4111
700 1# - PUNTO DE ACCESO ADICIONAL--NOMBRE DE PERSONA
Nombre de persona Abad, Gonzalo
9 (RLIN) 4112
710 2# - PUNTO DE ACCESO ADICIONAL--NOMBRE DE ENTIDAD CORPORATIVA
Nombre de entidad corporativa o nombre de jurisdicción como elemento de entrada Fundación Tarea (Buenos Aires, Argentina)
9 (RLIN) 4113
942 ## - ELEMENTOS DE PUNTO DE ACCESO ADICIONAL (KOHA)
Fuente del sistema de clasificación o colocación Library of Congress Classification
Tipo de ítem Koha Libros
Holdings
Estado de retiro Estado de pérdida Estado dañado No para préstamo Localización permanente Ubicación/localización actual Fecha de adquisición Total de préstamos Signatura topográfica completa Código de barras Fecha visto por última vez Precio válido a partir de Tipo de ítem Koha
El ejemplar forma parte de la colección y puede ser consultado según las políticas vigentes.       Biblioteca del Museo Franz Mayer (Rogerio Casas-Alatriste) Biblioteca del Museo Franz Mayer (Rogerio Casas-Alatriste) 26/06/2008   ND1432 .S47 1998 01749 22/03/2019 22/03/2019 Libros